Možnosti rozvoja mesta na plochách brownfields /

Salvato in:
Dettagli Bibliografici
Autore principale: Bindzárová, Alena, 1988- (Autore)
Altri autori: Kaliská, Dagmar, 1946- (Relatore della tesi)
Natura: Manoscritto Libro
Lingua:slovacco
Pubblicazione: Bratislava 2017
Soggetti:
Accesso online:http://is.stuba.sk/zp/portal_zp.pl?podrobnosti=111432
Tags: Aggiungi Tag
Nessun Tag, puoi essere il primo ad aggiungerne!!

MARC

LEADER 00000ntm a22000003a 4500
001 stuzp42574
003 SK-STU
005 20230317103413.0
007 ta
008 150427s2015----xo-----f-mn---000-0-slo-d
035 |a biblio/85543  |2 CREPC2 
040 |a STU  |b slo 
041 0 |a slo 
044 |a xo 
100 1 |a Bindzárová, Alena,  |d 1988-  |u 056160  |4 aut  |9 100  |U FAD Fakulta architektúry  |T FA Ústav urbanizmu a územného plánovania  |X 40032  |U A6160  |Y 397  |7 A000040032 
242 0 1 |a Possibilities of city development on brownfield sites  |y eng 
245 1 0 |a Možnosti rozvoja mesta na plochách brownfields /  |c aut. Alena Bindzárová ; škol. Dagmar Kaliská 
260 |c 2017  |a Bratislava 
300 |a 163 s. 
650 4 |a urbanistická rekonštrukcia  |2 slo 
650 4 |a regenerácia územia  |2 slo 
650 4 |a zmiešané využitie  |2 slo 
650 4 |a efektívny urbanizmus  |2 slo 
650 4 |a udržateľnosť  |2 slo 
650 4 |a urban reconstruction  |2 eng 
650 4 |a area regeneration  |2 eng 
650 4 |a mixed-use  |2 eng 
650 4 |a effective urban planning  |2 eng 
650 4 |a sustainability  |2 eng 
700 1 |a Kaliská, Dagmar,  |d 1946-  |4 ths  |X 421  |7 A000000421 
856 4 |u http://is.stuba.sk/zp/portal_zp.pl?podrobnosti=111432  |u https://opac.crzp.sk/?fn=detailBiblioForm&sid=DAA396BB6B0B0113464C0476997D 
996 |b 284AU07346  |c A* 10595/V  |l AAKNST  |s P  |a 0  |w stuzp42574_0001